Soil conservation through people's effort: (Record no. 88785)
[ view plain ]
| 000 -LEADER | |
|---|---|
| fixed length control field | 00824nam a2200241 4500 |
| 001 - CONTROL NUMBER | |
| control field | sa 68019033 |
| 003 - CONTROL NUMBER IDENTIFIER | |
| control field | DLC |
| 005 - DATE AND TIME OF LATEST TRANSACTION | |
| control field | 20260227112716.0 |
| 008 - FIXED-LENGTH DATA ELEMENTS--GENERAL INFORMATION | |
| fixed length control field | 710922s1968 ii a b 00000 eng |
| 010 ## - LIBRARY OF CONGRESS CONTROL NUMBER | |
| LC control number | sa 68019033 |
| 025 ## - OVERSEAS ACQUISITION NUMBER | |
| Overseas acquisition number | PL480:I-E-10694 |
| 043 ## - GEOGRAPHIC AREA CODE | |
| Geographic area code | a-ii--- |
| 050 0# - LIBRARY OF CONGRESS CALL NUMBER | |
| Classification number | HN690.U8 |
| Item number | L8 no. 353 |
| 082 ## - DEWEY DECIMAL CLASSIFICATION NUMBER | |
| Classification number | 338.954/2 s |
| 100 10 - MAIN ENTRY--PERSONAL NAME | |
| Personal name | Singh, Ram Surat, |
| Dates associated with a name | 1905- |
| 245 10 - TITLE STATEMENT | |
| Title | Soil conservation through people's effort: |
| Remainder of title | "A pilot experiment in Etawah." |
| 260 0# - PUBLICATION, DISTRIBUTION, ETC. | |
| Place of publication, distribution, etc. | Lucknow, |
| Name of publisher, distributor, etc. | Planning Research and Action Institute, U.P. |
| Date of publication, distribution, etc. | [1968] |
| 300 ## - PHYSICAL DESCRIPTION | |
| Extent | 33 p. |
| Other physical details | illus. |
| Dimensions | 25 cm. |
| 490 1# - SERIES STATEMENT | |
| Series statement | P.R.A.I. publication no. 353 |
| 504 ## - BIBLIOGRAPHY, ETC. NOTE | |
| Bibliography, etc. note | Includes bibliographical references. |
| 650 #0 - SUBJECT ADDED ENTRY--TOPICAL TERM | |
| Topical term or geographic name entry element | Soil conservation |
| Geographic subdivision | India |
| -- | Etawah. |
| 810 1# - SERIES ADDED ENTRY--CORPORATE NAME | |
| Corporate name or jurisdiction name as entry element | Lucknow. |
| Subordinate unit | Planning Research and Action Institute. |
| Title of a work | P.R.A.I. publication, |
| Volume/sequential designation | no. 353 |
No items available.